000 00633cam a22002411 4500
001 sa 65004339
003 DLC
005 20260227112130.0
008 890501s1962 pk b 000 0 urdr
010 _asa 65004339
035 _a(OCoLC)19639370
040 _aDLC
_cWaU
_dDLC
042 _apremarc
050 0 0 _aBP173.4
_b.U45
100 1 _aʻUmarī, Jalāluddīn Anṣar,
_d1936?-
245 1 0 _aʻAurat Islāmī mu ʻāsharah men̲.
260 _c[1962]
300 _a14, 445 p.
_c19 cm.
500 _aIn Urdu.
500 _aText partially vocalized.
504 _aBibliographical footnotes.
650 0 _aWomen in Islam.
999 _c63686
_d63686